000 00526nam a2200181Ia 4500
008 100917s9999 xx 000 0 und d
082 _b34366
100 _aलिमये हरि
245 _aदारूबंदीची नशा
260 _bरूची प्रकाशन
_c1967
300 _a91
365 _b3.5
520 _aनिबंध
630 _aदारूबंदीची नशा
650 _aनिबंध
730 _aदारूबंदीची नशा
942 _cBOOK
999 _c639760
_d639757